00489nam a2200145 a 450000100100000000500170001000800410002704000250006824500370009326000620013030000200019204900090021295201050022199900170032600003160720200930063041.0110628s1956 dr 000 0 spa d aDO-SdBNPbspacBNPHU00aSarmiento en la Rep. Dominicana. aCiudad Trujillo, República Dominicana :b[s.n.],c1956. a14 p. ;c22 cm. aBNPD 0010718PDaPDbPDcCTd2011-06-28iLF1l0o p31607-10r2020-06-25w2020-06-25yLFPDZNo se presta c31099d31099